[Event "Tournament 14459 - Europe Echecs"]
[Site "Europe Echecs"]
[Date "2020.07.07"]
[Round "5"]
[Time "16:14:47"]
[PlyCount "139"]
[White "GerandiPierreM"]
[Black "RobertPaul"]
[WhiteElo "1330"]
[BlackElo "1070"]
[Mode "WEB"]
[Result "0-1"]

1. e4 e5 2. Nf3 Nf6 3. Nxe5 d6 4. Nf3 Nxe4 5. d3 Nf6 6. Be2 Nc6 7. O-O Be7 8.
Bg5 O-O 9. Nbd2 h6 10. Bh4 Bf5 11. Nb3 d5 12. Qd2 Qd6 13. d4 Rfe8 14. c3 Qd8 15.
Rfe1 Ne4 16. Qd1 Bxh4 17. Nxh4 Qxh4 18. f3 Nf6 19. Bb5 Rxe1+ 20. Qxe1 Qg5 21.
Bxc6 bxc6 22. Qf2 Bh3 23. Qg3 Qxg3 24. hxg3 Be6 25. g4 Rb8 26. Re1 Re8 27. Kf2
Bd7 28. Rxe8+ Nxe8 29. Nc5 Bc8 30. Ke3 Nd6 31. Kf4 Nc4 32. b3 Nd2 33. Ke3 Nb1
34. c4 dxc4 35. bxc4 Na3 36. Kd3 Nb1 37. Kc2 Na3+ 38. Kb3 Nb1 39. Kc2 Na3+ 40.
Kb3 Nb5 41. cxb5 cxb5 42. Kb4 c6 43. a4 a6 44. axb5 cxb5 45. d5 Kf8 46. d6 Ke8
47. Ne4 Kd7 48. Ka5 Kc6 49. g3 g6 50. Kb4 f5 51. gxf5 Bxf5 52. Nc5 Bc8 53. f4
Kxd6 54. Ne4+ Kc6 55. Nc5 g5 56. fxg5 hxg5 57. Nd3 Kb6 58. Ne5 a5+ 59. Kb3 Kc5
60. Nf3 a4+ 61. Kb2 Kc4 62. Nxg5 b4 63. Nf7 a3+ 64. Kb1 Kc3 65. Ne5 Bf5+ 66. Ka1
b3 67. g4 b2+ 68. Ka2 b1=Q+ 69. Kxa3 Qb3# {GerandiPierreM est échec et mat} 0-1

[Event "Tournament 14459 - Europe Echecs"]
[Site "Europe Echecs"]
[Date "2020.07.07"]
[Round "5"]
[Time "16:14:47"]
[PlyCount "135"]
[White "OliveiraMateo"]
[Black "ClaverieCharle"]
[WhiteElo "1317"]
[BlackElo "1065"]
[Mode "WEB"]
[Result "1/2-1/2"]

1. d4 d5 2. c4 c6 3. c5 b6 4. e3 bxc5 5. dxc5 e6 6. Qd4 Nd7 7. b4 a5 8. Bd2 axb4
9. Bxb4 Rb8 10. Bd3 Ra8 11. Nf3 Ra4 12. Nc3 Ra8 13. O-O Be7 14. a3 Ngf6 15. Ne5
O-O 16. Nxd7 Qxd7 17. Rfd1 h6 18. h3 Nh5 19. Ne2 Bf6 20. Qg4 Bxa1 21. Rxa1 Nf6
22. Qg3 Ne4 23. Qg4 Nf6 24. Qg3 Re8 25. Bc3 Qe7 26. Nd4 Nh5 27. Qf3 Nf6 28. Nxc6
Qc7 29. Qg3 Qxg3 30. fxg3 Bb7 31. Bxf6 gxf6 32. Bb5 Bxc6 33. Bxc6 Rac8 34. Bxe8
Rxe8 35. a4 Ra8 36. a5 Kf8 37. a6 Ke7 38. a7 Kd7 39. Kf2 Kc7 40. Ke2 Kb7 41. Kd3
Rxa7 42. c6+ Kb6 43. Rxa7 Kxa7 44. Kd4 Kb6 45. e4 Kxc6 46. exd5+ exd5 47. g4 Kd6
48. g3 Ke6 49. h4 f5 50. g5 hxg5 51. hxg5 f6 52. g6 Ke7 53. Kxd5 Kf8 54. Ke6 Kg7
55. Kd5 Kxg6 56. Kd4 Kg5 57. Ke3 Kg4 58. Kf2 f4 59. gxf4 Kxf4 60. Kg1 Ke4 61.
Kg2 f5 62. Kf1 f4 63. Ke2 f3+ 64. Kf2 Kf4 65. Kf1 Kg3 66. Kg1 f2+ 67. Kf1 Kf3 {Nulle par pat} 1/2-1/2

[Event "Tournament 14459 - Europe Echecs"]
[Site "Europe Echecs"]
[Date "2020.07.07"]
[Round "5"]
[Time "16:14:47"]
[PlyCount "110"]
[White "ContieLilio"]
[Black "NicaudSebastie"]
[WhiteElo "1315"]
[BlackElo "1058"]
[Mode "WEB"]
[Result "1-0"]

1. e4 e5 2. Nf3 Nc6 3. Nc3 Nf6 4. a3 Bc5 5. Nxe5 Nxe5 6. d4 Bxd4 7. Qxd4 Nc6 8.
Qe3 d6 9. Bc4 O-O 10. O-O Re8 11. Rd1 a6 12. h3 b5 13. Bb3 Na5 14. Qf3 Nxb3 15.
cxb3 Bb7 16. Re1 c5 17. Bg5 Re6 18. Qg3 Qe8 19. Bxf6 Rxf6 20. Nd5 Bxd5 21. exd5
Qd7 22. f3 Qf5 23. Rad1 Rg6 24. Qh2 Qc2 25. g4 Qxh2+ 26. Kxh2 b4 27. Re2 bxa3
28. bxa3 h6 29. Rde1 c4 30. Re8+ Rxe8 31. Rxe8+ Kh7 32. bxc4 Rg5 33. Ra8 Re5 34.
Rxa6 Re2+ 35. Kg3 g5 36. a4 Rc2 37. Rxd6 Rxc4 38. a5 Ra4 39. a6 Ra1 40. Rc6 Rg1+
41. Kf2 Rd1 42. a7 Ra1 43. Rc7 Ra2+ 44. Kg3 Ra5 45. d6 Kg6 46. d7 Ra4 47. d8=Q
Ra5 48. Qg8+ Kf6 49. Rc6+ Ke5 50. Qxf7 Ra6 51. Rxa6 Kd4 52. Ra5 Ke3 53. Qb3+ Kd2
54. Ra2+ Kc1 55. Qc2# {NicaudSebastie est échec et mat} 1-0

[Event "Tournament 14459 - Europe Echecs"]
[Site "Europe Echecs"]
[Date "2020.07.07"]
[Round "5"]
[Time "16:14:47"]
[PlyCount "119"]
[White "HanszJules"]
[Black "LuuFreundEstel"]
[WhiteElo "1310"]
[BlackElo "1046"]
[Mode "WEB"]
[Result "0-1"]

1. e4 e5 2. Nf3 Nc6 3. Bc4 Nf6 4. Ng5 d5 5. Bb5 dxe4 6. Nc3 a6 7. Bxc6+ bxc6 8.
Ngxe4 Nxe4 9. Nxe4 Qd4 10. Qe2 Bf5 11. f3 Be7 12. d3 Bxe4 13. fxe4 Bc5 14. Rf1
O-O 15. c3 Qd6 16. g4 Ba7 17. g5 Qc5 18. Be3 Qxe3 19. Qxe3 Bxe3 20. Rf3 Bxg5 21.
Rg3 Bf4 22. Rg2 Rae8 23. Ke2 Re6 24. Kf3 Rf6 25. Rag1 Bxh2+ 26. Ke3 Bxg1+ 27.
Rxg1 Rg6 28. Rf1 Re8 29. Kd2 Rg2+ 30. Kc1 Re6 31. a3 Reg6 32. Rd1 Rg1 33. Rxg1
Rxg1+ 34. Kc2 Rg2+ 35. Kb3 Rg6 36. Kb4 Rd6 37. Kc5 Rxd3 38. c4 Rb3 39. Kxc6 Rxb2
40. Kxc7 Rc2 41. c5 Rxc5+ 42. Kd6 Ra5 43. Kc6 Rxa3 44. Kd5 f6 45. Ke6 Kf8 46.
Kd5 Ke7 47. Kc4 Ra1 48. Kb3 Kd6 49. Kb2 Ra4 50. Kb3 Rxe4 51. Kb2 Re2+ 52. Kb3
Re4 53. Kc3 Kc5 54. Kb3 Rh4 55. Ka3 Rb4 56. Ka2 Kc4 57. Ka1 Kc3 58. Ka2 Rb5 59.
Ka3 Ra5# {HanszJules est échec et mat} 0-1

[Event "Tournament 14459 - Europe Echecs"]
[Site "Europe Echecs"]
[Date "2020.07.07"]
[Round "5"]
[Time "16:14:47"]
[PlyCount "66"]
[White "ThibousMael"]
[Black "ColinPenelope"]
[WhiteElo "1094"]
[BlackElo "1290"]
[Mode "WEB"]
[Result "1-0"]

1. d4 d5 2. c4 e6 3. Nc3 Nf6 4. Nf3 Nc6 5. e3 Bb4 6. Bd2 O-O 7. Bd3 Bd7 8. c5 b6
9. a3 Ba5 10. b4 Bxb4 11. axb4 Nxb4 12. Qe2 a6 13. Bxa6 Nc2+ 14. Kf1 Nxa1 15.
Bd3 Nb3 16. g3 Ra1+ 17. Kg2 Rxh1 18. Kxh1 Nxd2 19. Qxd2 bxc5 20. dxc5 Re8 21.
Qe2 e5 22. e4 d4 23. Nd5 Nxd5 24. exd5 Bh3 25. Qe4 g6 26. d6 cxd6 27. cxd6 Qxd6
28. Qh4 Qa3 29. Qxh3 Qxd3 30. Ng5 Qd1+ 31. Kg2 f6 32. Qxh7+ Kf8 33. Qf7# {ColinPenelope est échec et mat} 1-0

[Event "Tournament 14459 - Europe Echecs"]
[Site "Europe Echecs"]
[Date "2020.07.07"]
[Round "5"]
[Time "16:14:47"]
[PlyCount "63"]
[White "StrieviLeonie"]
[Black "DespauxAxel"]
[WhiteElo "1280"]
[BlackElo "1041"]
[Mode "WEB"]
[Result "0-1"]

1. e4 c5 2. Nc3 g6 3. f4 Bg7 4. Nf3 e6 5. Bc4 Ne7 6. d3 d5 7. exd5 exd5 8. Bb5+
Nbc6 9. O-O O-O 10. Be3 a6 11. Bxc6 Nxc6 12. Bxc5 Re8 13. Qd2 b6 14. Bf2 Bg4 15.
Bh4 Qd7 16. h3 Bxf3 17. Rxf3 b5 18. f5 b4 19. Na4 Nd4 20. Rg3 Qxa4 21. f6 Bf8
22. b3 Qd7 23. Rf1 Ne2+ 24. Kh2 Nxg3 25. Bxg3 a5 26. Bf4 a4 27. Bh6 Bd6+ 28. Bf4
axb3 29. Bxd6 Qxd6+ 30. g3 Qf8 31. axb3 h6 {StrieviLeonie a perdu au temps} 0-1

[Event "Tournament 14459 - Europe Echecs"]
[Site "Europe Echecs"]
[Date "2020.07.07"]
[Round "5"]
[Time "16:14:47"]
[PlyCount "123"]
[White "RomangNicolasT"]
[Black "ChanthavongsaN"]
[WhiteElo "1090"]
[BlackElo "1253"]
[Mode "WEB"]
[Result "0-1"]

1. d4 Nf6 2. Bf4 e6 3. Nf3 b6 4. e3 Bb7 5. Bd3 Be7 6. c3 Nh5 7. Be5 d6 8. Bg3
Nxg3 9. hxg3 Ba6 10. Bc2 f5 11. Ng1 Bb7 12. Nd2 Bxg2 13. Rh2 Bb7 14. Bb1 Nd7 15.
Bc2 Nf6 16. Qe2 Ng4 17. Rh3 Bg2 18. Rh5 g6 19. Rh3 Bxh3 20. Nxh3 Qd7 21. Nf3 h6
22. Bd3 c6 23. c4 e5 24. dxe5 dxe5 25. O-O-O Qe6 26. Qd2 e4 27. Nd4 Qd6 28. Be2
Rd8 29. Bxg4 fxg4 30. Nf4 c5 31. Nb3 Qxd2+ 32. Nxd2 g5 33. Ne6 Rd6 34. Ng7+ Kf7
35. Nh5 Kg6 36. Nxe4 Rxd1+ 37. Kxd1 Kxh5 38. Kd2 Rd8+ 39. Ke2 Bd6 40. Nf6+ Kg6
41. Nxg4 h5 42. Nh2 a6 43. Kd2 Bxg3+ 44. Ke2 Bxh2 45. Kf3 g4+ 46. Kg2 Bc7 47. b3
Rd2 48. a4 Rb2 49. b4 cxb4 50. c5 bxc5 51. e4 c4 52. e5 Bxe5 53. a5 c3 54. Kg1
Rb1+ 55. Kg2 Bh2 56. Kxh2 c2 57. f3 c1=Q 58. fxg4 Qg1+ 59. Kh3 Qxg4+ 60. Kh2
Rb2+ 61. Kh1 Qg2# {RomangNicolasT est échec et mat} 0-1

[Event "Tournament 14459 - Europe Echecs"]
[Site "Europe Echecs"]
[Date "2020.07.07"]
[Round "5"]
[Time "16:14:47"]
[PlyCount "102"]
[White "PerrinCyril"]
[Black "LefortPierre"]
[WhiteElo "1084"]
[BlackElo "1240"]
[Mode "WEB"]
[Result "1-0"]

1. e4 e5 2. Nf3 Nc6 3. d4 exd4 4. Bc4 Bc5 5. c3 dxc3 6. Bxf7+ Kxf7 7. Qd5+ Ke8
8. Qh5+ Kf8 9. Qxc5+ d6 10. Qxc3 Nf6 11. Bg5 Kf7 12. Nbd2 Rf8 13. O-O-O Kg8 14.
e5 dxe5 15. Nxe5 Nxe5 16. Qxe5 Qd6 17. Bxf6 Qxf6 18. Qxf6 Rxf6 19. Ne4 Rf8 20.
Kb1 Bf5 21. f3 Rae8 22. Rhe1 Bxe4+ 23. Rxe4 Rxe4 24. fxe4 h6 25. Kc1 Rf2 26. Rd2
Rxd2 27. Kxd2 Kf7 28. Ke3 Ke6 29. b4 Ke5 30. a4 a6 31. a5 b6 32. Kd3 g5 33. g4
bxa5 34. bxa5 c6 35. h3 c5 36. Kc4 Kxe4 37. Kxc5 Kf3 38. Kb6 Kg3 39. Kxa6 Kxh3
40. Kb7 Kxg4 41. a6 h5 42. a7 h4 43. a8=Q h3 44. Kc7 Kg3 45. Qa1 h2 46. Qh1 Kh3
47. Kd6 g4 48. Ke5 g3 49. Qf3 Kh4 50. Kf4 Kh3 51. Qxg3# {LefortPierre est échec et mat} 1-0

[Event "Tournament 14459 - Europe Echecs"]
[Site "Europe Echecs"]
[Date "2020.07.07"]
[Round "5"]
[Time "16:14:47"]
[PlyCount "65"]
[White "BatailleSimon"]
[Black "BriandEdouard"]
[WhiteElo "1230"]
[BlackElo "1038"]
[Mode "WEB"]
[Result "0-1"]

1. e4 e5 2. Nc3 Nf6 3. f4 d6 4. Nf3 Nc6 5. fxe5 dxe5 6. Bd3 Bd6 7. O-O Bc5+ 8.
Kh1 O-O 9. Ng5 h6 10. Nf3 Ng4 11. h3 Nf2+ 12. Rxf2 Bxf2 13. Qe2 Bc5 14. b3 Qf6
15. Bb2 Qg6 16. Nd5 Qd6 17. c4 Nd4 18. Bxd4 Bxd4 19. Nxd4 exd4 20. Qf2 c5 21. b4
b6 22. bxc5 bxc5 23. Qf5 Bxf5 24. exf5 Rfe8 25. Rg1 Rab8 26. g4 Rb2 27. Rd1 Qg3
28. Rg1 Qxd3 29. Rd1 Rxd2 30. Rxd2 Qxd2 31. Nf6+ gxf6 32. g5 Re1# {BatailleSimon est échec et mat} 0-1

[Event "Tournament 14459 - Europe Echecs"]
[Site "Europe Echecs"]
[Date "2020.07.07"]
[Round "5"]
[Time "16:14:47"]
[PlyCount "113"]
[White "MindeTimothe"]
[Black "BennaniJoachim"]
[WhiteElo "1075"]
[BlackElo "1226"]
[Mode "WEB"]
[Result "0-1"]

1. e4 e5 2. Bc4 Nc6 3. Nf3 Bc5 4. O-O Nf6 5. d3 O-O 6. Bg5 d6 7. Nbd2 h6 8. Bh4
a5 9. c3 Qe7 10. a3 Be6 11. b4 Bxc4 12. Nxc4 axb4 13. axb4 Ba7 14. Ra2 Qe6 15.
Qa1 b5 16. Na5 Ne7 17. Qb2 Bb6 18. Nb3 Nd7 19. Rfa1 Rxa2 20. Rxa2 Ng6 21. Bg3 c5
22. bxc5 dxc5 23. Nbd2 Nf6 24. Ra6 Qc6 25. Bxe5 c4 26. dxc4 Bxf2+ 27. Kxf2 Qxa6
28. Qxb5 Qxb5 29. cxb5 Rc8 30. c4 Ng4+ 31. Kg3 N4xe5 32. Nxe5 Nxe5 33. Kf4 Nxc4
34. Nb3 Rb8 35. Nd4 Na3 36. Nc6 Rxb5 37. e5 Nc4 38. Ke4 f6 39. exf6 gxf6 40. Kd4
Ne5 41. Ne7+ Kf8 42. Nf5 Nc6+ 43. Kc4 Rxf5 44. Kd3 Rf2 45. Ke4 Rxg2 46. Kd5 Rxh2
47. Kxc6 f5 48. Kd6 f4 49. Ke5 f3 50. Ke4 f2 51. Ke3 f1=Q 52. Ke4 Re2+ 53. Kd5
Qd1+ 54. Kc4 Rc2+ 55. Kb3 Qb1+ 56. Ka3 Ra2# {MindeTimothe est échec et mat} 0-1

[Event "Tournament 14459 - Europe Echecs"]
[Site "Europe Echecs"]
[Date "2020.07.07"]
[Round "5"]
[Time "16:14:47"]
[PlyCount "32"]
[White "HorsotMaeva"]
[Black "ToChu"]
[WhiteElo "1070"]
[BlackElo "1210"]
[Mode "WEB"]
[Result "1-0"]

1. e4 e5 2. Nf3 Nc6 3. Bc4 Nd4 4. Nxd4 exd4 5. O-O Nf6 6. d3 Bd6 7. Nd2 O-O 8.
Nf3 c5 9. c3 Bc7 10. cxd4 cxd4 11. Nxd4 Re8 12. Re1 d5 13. exd5 Rxe1+ 14. Qxe1
Nxd5 15. Bxd5 Qxd5 16. Qe8# {ToChu est échec et mat} 1-0

[Event "Tournament 14459 - Europe Echecs"]
[Site "Europe Echecs"]
[Date "2020.07.07"]
[Round "5"]
[Time "16:14:47"]
[PlyCount "141"]
[White "WadelOlivier"]
[Black "SenegasAngelo"]
[WhiteElo "1070"]
[BlackElo "1200"]
[Mode "WEB"]
[Result "0-1"]

1. e4 e5 2. Nf3 Nc6 3. Bc4 Bc5 4. O-O d6 5. h3 Nf6 6. Nc3 O-O 7. d3 h6 8. Be3
Bxe3 9. fxe3 b6 10. Nd5 Nxd5 11. Bxd5 Bb7 12. d4 Qc8 13. dxe5 dxe5 14. Bxc6 Bxc6
15. Nxe5 Bxe4 16. Qh5 Bg6 17. Nxg6 fxg6 18. Qxg6 Qe8 19. Rxf8+ Qxf8 20. Qe6+ Kh8
21. Rf1 Qd6 22. Qe4 Rd8 23. c4 Qd2 24. g4 Qxb2 25. Qe7 Rc8 26. Rf7 a6 27. a4 a5
28. Qd7 Qc1+ 29. Rf1 Qxe3+ 30. Rf2 Rf8 31. Qd2 Qxf2+ 32. Qxf2 Rxf2 33. Kxf2 c6
34. h4 b5 35. Ke2 bxa4 36. Kd2 Kg8 37. Kc2 Kf7 38. Kb2 Ke6 39. Ka3 Kd6 40. Kxa4
Kc5 41. Kb3 a4+ 42. Kxa4 Kxc4 43. Ka3 Kd3 44. Kb4 Kd4 45. Kb3 c5 46. Kc2 Ke4 47.
Kc3 Kf4 48. g5 hxg5 49. hxg5 Kxg5 50. Kc4 Kf4 51. Kxc5 g5 52. Kd4 g4 53. Kd3 Kf3
54. Kd2 g3 55. Ke1 Kg2 56. Ke2 Kh2 57. Kf3 g2 58. Ke4 g1=Q 59. Kf5 Qf1+ 60. Ke5
Kg3 61. Kd5 Kf3 62. Kc5 Ke4 63. Kb4 Qd3 64. Kc5 Qd4+ 65. Kc6 Qd5+ 66. Kc7 Ke5
67. Kb6 Kd6 68. Ka6 Qb3 69. Ka5 Kc5 70. Ka6 Qb6# {WadelOlivier est échec et mat} 0-1

[Event "Tournament 14459 - Europe Echecs"]
[Site "Europe Echecs"]
[Date "2020.07.07"]
[Round "5"]
[Time "16:14:47"]
[PlyCount "114"]
[White "SixRobert"]
[Black "TriboutMarius"]
[WhiteElo "1187"]
[BlackElo "1037"]
[Mode "WEB"]
[Result "1-0"]

1. e4 e5 2. Nf3 Nc6 3. Bc4 Nf6 4. Ng5 Na5 5. Bxf7+ Ke7 6. Bb3 Nxb3 7. axb3 h6 8.
Nf3 d6 9. d4 Bg4 10. dxe5 dxe5 11. Nc3 Bxf3 12. Qxd8+ Rxd8 13. gxf3 Kf7 14. Bd2
Bb4 15. Rxa7 Rb8 16. Ke2 Rhd8 17. Ra4 Bc5 18. Rc4 Bb6 19. Na4 Rd7 20. Nxb6 cxb6
21. Rb4 Rd6 22. Bc3 Ke6 23. Rg1 g5 24. Rd1 Rxd1 25. Kxd1 Rd8+ 26. Ke2 Rd6 27.
Bd2 Nd7 28. Be3 Kf6 29. Rb5 Ke6 30. c4 Kf6 31. h3 Ke6 32. Rb4 Kf7 33. Bd2 Nc5
34. Be3 Rd7 35. Rxb6 Ne6 36. c5 Rc7 37. b4 Nd8 38. Rxh6 Nc6 39. Rh7+ Ke8 40.
Rxc7 Kd8 41. Rxb7 Kc8 42. Rb6 Kc7 43. Bxg5 Nd4+ 44. Ke3 Nc2+ 45. Kd3 Ne1+ 46.
Ke2 Nc2 47. Be3 Nd4+ 48. Bxd4 exd4 49. h4 d3+ 50. Kxd3 Kd7 51. h5 Ke7 52. h6 Kf7
53. c6 Ke7 54. h7 Kf7 55. h8=Q Ke7 56. Qg7+ Ke6 57. c7# {TriboutMarius est échec et mat} 1-0

[Event "Tournament 14459 - Europe Echecs"]
[Site "Europe Echecs"]
[Date "2020.07.07"]
[Round "5"]
[Time "16:14:47"]
[PlyCount "128"]
[White "DevezeLeopold"]
[Black "MadatyanEdgar"]
[WhiteElo "1180"]
[BlackElo "1020"]
[Mode "WEB"]
[Result "1-0"]

1. d4 d6 2. Bf4 Nc6 3. e3 Bf5 4. c3 e5 5. dxe5 dxe5 6. Bg3 Bd6 7. Nf3 e4 8. Bxd6
cxd6 9. Nd4 Nxd4 10. exd4 Nf6 11. Nd2 O-O 12. Bc4 Ng4 13. O-O Qe8 14. f3 e3 15.
fxg4 exd2 16. gxf5 b5 17. Bb3 Qe3+ 18. Kh1 Qg5 19. Rf2 Qh4 20. Qxd2 Rfe8 21. Rf4
Qg5 22. Qf2 Re7 23. Rf1 Rae8 24. g3 Qh5 25. g4 Qh6 26. h4 g6 27. g5 Qh5 28. f6
Re2 29. Qg3 R8e3 30. Qg4 Qxg4 31. Rxg4 Rh3+ 32. Kg1 h5 33. Rgf4 Ree3 34. Kf2 Re8
35. Kg2 Rd3 36. Rd1 Re2+ 37. Kf1 Rxd1+ 38. Bxd1 Rxb2 39. Bb3 Kf8 40. Re4 Rd2 41.
Ke1 Rd3 42. c4 bxc4 43. Bxc4 Ra3 44. Re2 Ra4 45. Bb3 Rxd4 46. Rc2 Ke8 47. Rc8+
Kd7 48. Rf8 Rxh4 49. Rxf7+ Ke8 50. Rxa7 Rf4 51. f7+ Kf8 52. a4 Rg4 53. Rb7 h4
54. a5 h3 55. a6 h2 56. Bd5 Rg1+ 57. Kf2 h1=Q 58. Bxh1 Rxh1 59. a7 Rh2+ 60. Ke3
Rh3+ 61. Kd4 Rh4+ 62. Kd5 Rh5 63. a8=Q+ Kg7 64. Qg8# {MadatyanEdgar est échec et mat} 1-0

[Event "Tournament 14459 - Europe Echecs"]
[Site "Europe Echecs"]
[Date "2020.07.07"]
[Round "5"]
[Time "16:14:47"]
[PlyCount "67"]
[White "LayadiYasmine"]
[Black "DincovChristia"]
[WhiteElo "1180"]
[BlackElo "1019"]
[Mode "WEB"]
[Result "0-1"]

1. e4 e6 2. Nc3 d5 3. d4 Bb4 4. Bd2 Nf6 5. Nf3 Qe7 6. e5 Nfd7 7. Bg5 f6 8. exf6
Nxf6 9. Bd3 h6 10. Bh4 Nc6 11. Qd2 e5 12. dxe5 Nxe5 13. O-O-O Nxd3+ 14. Qxd3 c6
15. Qg6+ Kf8 16. Rde1 Qd6 17. Nd4 Qf4+ 18. Kb1 Qxh4 19. Ne6+ Bxe6 20. g3 Qg4 21.
h3 Qxg6 22. Rxe6 Bxc3 23. g4 Bd4 24. f4 Re8 25. f5 Qg5 26. h4 Qxg4 27. Ree1
Rxe1+ 28. Rxe1 Be3 29. b3 Bd4 30. a4 Kf7 31. Rd1 Re8 32. Rd3 Qg1+ 33. Ka2 Qa1# {LayadiYasmine est échec et mat} 0-1

[Event "Tournament 14459 - Europe Echecs"]
[Site "Europe Echecs"]
[Date "2020.07.07"]
[Round "5"]
[Time "16:14:47"]
[PlyCount "87"]
[White "YakoubenBadis"]
[Black "DupratNathanie"]
[WhiteElo "1036"]
[BlackElo "1172"]
[Mode "WEB"]
[Result "0-1"]

1. e4 e5 2. Bc4 Nc6 3. Nf3 Qf6 4. Nc3 Qg6 5. Rg1 Bc5 6. d3 Qf6 7. Nd5 Qd6 8. Bd2
Nf6 9. Nxf6+ Qxf6 10. Qe2 Nd4 11. Nxd4 Bxd4 12. Bc3 Bxc3+ 13. bxc3 d6 14. Rb1 b6
15. Bd5 Rb8 16. Rb3 O-O 17. Ra3 a5 18. Qe3 c5 19. Rb3 b5 20. Ke2 b4 21. cxb4
Rxb4 22. Rxb4 axb4 23. Bc4 Be6 24. Bxe6 fxe6 25. Rf1 Qh4 26. Rh1 Qg4+ 27. f3
Qxg2+ 28. Qf2 Qxh1 29. Ke3 d5 30. exd5 exd5 31. Ke2 e4 32. dxe4 dxe4 33. Qxc5
Qxf3+ 34. Kd2 Qf2+ 35. Qxf2 Rxf2+ 36. Ke3 Rxc2 37. Kxe4 Rxa2 38. Kd3 Rxh2 39.
Kc4 Rh4+ 40. Kb3 g5 41. Ka4 g4 42. Kxb4 g3+ 43. Kc3 g2 {YakoubenBadis a abandonné} 0-1

[Event "Tournament 14459 - Europe Echecs"]
[Site "Europe Echecs"]
[Date "2020.07.07"]
[Round "5"]
[Time "16:14:47"]
[PlyCount "97"]
[White "DetrazLorna"]
[Black "VerdierAnais"]
[WhiteElo "1032"]
[BlackElo "1159"]
[Mode "WEB"]
[Result "0-1"]

1. b4 e5 2. Bb2 Nc6 3. b5 Nd4 4. e3 Nxb5 5. Bxb5 a6 6. Be2 Qg5 7. f3 Qxg2 8. Bf1
Qxh1 9. Nh3 Qxh2 10. d4 Qg3+ 11. Nf2 Bd6 12. c4 Bb4+ 13. Nd2 Bxd2+ 14. Qxd2 d6
15. Rd1 Be6 16. dxe5 dxe5 17. f4 exf4 18. exf4 Nf6 19. Ba3 Qxa3 20. Be2 O-O 21.
Bf1 Qe7 22. Be2 Rad8 23. Qe3 Rxd1+ 24. Kxd1 Rd8+ 25. Ke1 Qd7 26. Kf1 Qd2 27.
Qxd2 Rxd2 28. Ke1 Rxa2 29. Kd1 Ra4 30. Kd2 Bxc4 31. Bxc4 Rxc4 32. Kd3 Rxf4 33.
Nd1 c5 34. Kc3 b5 35. Nb2 a5 36. Kb3 Rb4+ 37. Ka2 Rxb2+ 38. Kxb2 a4 39. Ka2 b4
40. Kb2 c4 41. Ka2 a3 42. Kb1 b3 43. Ka1 c3 44. Kb1 b2 45. Ka2 c2 46. Kxa3 b1=Q
47. Ka4 c1=Q 48. Ka5 Qa3# {DetrazLorna est échec et mat} 0-1

[Event "Tournament 14459 - Europe Echecs"]
[Site "Europe Echecs"]
[Date "2020.07.07"]
[Round "5"]
[Time "16:14:47"]
[PlyCount "86"]
[White "LamorelleAlexe"]
[Black "PalmierNathan"]
[WhiteElo "1009"]
[BlackElo "1150"]
[Mode "WEB"]
[Result "1-0"]

1. e4 e5 2. Nf3 Nc6 3. Nc3 Nf6 4. Bb5 Bb4 5. d3 Bxc3+ 6. bxc3 Ne7 7. Nxe5 c6 8.
Bc4 d5 9. exd5 cxd5 10. Bb5+ Bd7 11. Bxd7+ Nxd7 12. Nxd7 Qxd7 13. Be3 O-O 14.
O-O Nf5 15. Bf4 d4 16. cxd4 Qxd4 17. Bd2 Rfe8 18. Re1 Rxe1+ 19. Qxe1 Qg4 20. Qe4
Qxe4 21. dxe4 Nd4 22. c3 Nc2 23. Rb1 Rb8 24. Bf4 Na3 25. Rb3 Rd8 26. f3 Nc4 27.
Rxb7 Rd1+ 28. Kf2 Rd2+ 29. Bxd2 g6 30. Bh6 f6 31. Rg7+ Kh8 32. Rxa7 g5 33. Bg7+
Kg8 34. Bxf6 h6 35. e5 Nb6 36. e6 Kf8 37. Rb7 Nd7 38. exd7 Kf7 39. d8=Q+ Kg6 40.
Rb5 Kh5 41. g4+ Kh4 42. Qc7 Kh3 43. Qg3# {PalmierNathan est échec et mat} 1-0

[Event "Tournament 14459 - Europe Echecs"]
[Site "Europe Echecs"]
[Date "2020.07.07"]
[Round "5"]
[Time "16:14:47"]
[PlyCount "56"]
[White "JoinErnest"]
[Black "RachidNatalia"]
[WhiteElo "860"]
[BlackElo "1131"]
[Mode "WEB"]
[Result "1-0"]

1. d4 d5 2. c4 e6 3. Nc3 Nc6 4. Nf3 Nf6 5. e3 Be7 6. Be2 O-O 7. b3 Bd7 8. Bb2 h6
9. O-O Bd6 10. a4 e5 11. Qc2 e4 12. Nd2 Bf5 13. f3 g6 14. fxe4 dxe4 15. Ndxe4
Nxe4 16. Nxe4 Bd7 17. Nf6+ Kh8 18. d5 Ne5 19. e4 Bc5+ 20. Kh1 h5 21. Bxe5 Be8
22. Nxe8+ Kh7 23. Nf6+ Kh6 24. Qc1+ g5 25. Rf5 Qxf6 26. Rxf6+ Kh7 27. Qxg5 Rg8
28. Qh6# {RachidNatalia est échec et mat} 1-0

[Event "Tournament 14459 - Europe Echecs"]
[Site "Europe Echecs"]
[Date "2020.07.07"]
[Round "5"]
[Time "16:14:47"]
[PlyCount "87"]
[White "BertrandCome"]
[Black "CotterchioJade"]
[WhiteElo "799"]
[BlackElo "1130"]
[Mode "WEB"]
[Result "0-1"]

1. e4 e5 2. Nf3 Nc6 3. Nc3 Bc5 4. Bc4 d6 5. Ng5 Qxg5 6. Qf3 Nd4 7. Qxf7+ Kd8 8.
Qf8+ Kd7 9. Bb5+ c6 10. Qf7+ Ne7 11. Bc4 Nxc2+ 12. Kd1 Qg4+ 13. f3 Qg6 14. Qxg6
hxg6 15. Kxc2 d5 16. exd5 cxd5 17. Bb5+ Nc6 18. Bxc6+ Kxc6 19. d3 d4 20. Na4 b5
21. Nxc5 Kxc5 22. Bg5 Rh5 23. Bd2 Bf5 24. Rac1 g5 25. Kb1+ Kd5 26. Ba5 Bxd3+ 27.
Ka1 e4 28. g4 Rh4 29. fxe4+ Bxe4 30. Bb4 Bxh1 31. Rxh1 Rxg4 32. Rc1 d3 33. Rc5+
Ke4 34. Rc4+ Kf3 35. Rxg4 Kxg4 36. Kb1 Rc8 37. a3 Rc4 38. Ba5 Kh3 39. Ka2 Ra4
40. Bc3 g4 41. Kb1 Kxh2 42. Kc1 g3 43. Bd4 Rxd4 {BertrandCome a abandonné} 0-1

[Event "Tournament 14459 - Europe Echecs"]
[Site "Europe Echecs"]
[Date "2020.07.07"]
[Round "5"]
[Time "16:14:47"]
[PlyCount "88"]
[White "ColinFelix"]
[Black "NunesSoubeyran"]
[WhiteElo "799"]
[BlackElo "1130"]
[Mode "WEB"]
[Result "1-0"]

1. e4 e5 2. Nc3 Nf6 3. Nf3 Nc6 4. Bb5 Bc5 5. Bxc6 bxc6 6. d3 O-O 7. Nxe5 d6 8.
Ng4 Bxg4 9. f3 Bh5 10. g4 Bg6 11. h4 Nd7 12. h5 Bxe4 13. fxe4 h6 14. Bd2 Qf6 15.
Qe2 Rfe8 16. O-O-O d5 17. Qf1 dxe4 18. Qxf6 Nxf6 19. dxe4 Nxe4 20. Nxe4 Rxe4 21.
Rhe1 Rb4 22. Bxb4 Bxb4 23. Re2 Rb8 24. c3 Bc5 25. b4 Bd6 26. a4 Bf4+ 27. Kc2 g5
28. hxg6 fxg6 29. Rf2 Bg3 30. Rf3 Be5 31. Re1 Bd6 32. Re6 c5 33. Rxg6+ Kh7 34.
Re6 cxb4 35. cxb4 Bxb4 36. Rf7+ Kh8 37. Rxc7 Ba5 38. Rxh6+ Kg8 39. Rd7 Bd8 40.
Kc3 Bg5 41. Rg6+ Kh8 42. Rxg5 Rc8+ 43. Kd4 Rg8 44. Rh5# {NunesSoubeyran est échec et mat} 1-0

[Event "Tournament 14459 - Europe Echecs"]
[Site "Europe Echecs"]
[Date "2020.07.07"]
[Round "5"]
[Time "16:14:47"]
[PlyCount "46"]
[White "NormandPaulArt"]
[Black "RobertAlexandr"]
[WhiteElo "1120"]
[BlackElo "799"]
[Mode "WEB"]
[Result "1-0"]

1. d4 d5 2. Nf3 Nf6 3. Nc3 Nc6 4. Bf4 e6 5. Nb5 Bd6 6. Nxd6+ cxd6 7. e3 e5 8.
Bg5 e4 9. Nd2 h6 10. Bxf6 Qxf6 11. Bb5 a6 12. Bxc6+ bxc6 13. O-O Qg6 14. g3 Bh3
15. Re1 O-O-O 16. Qe2 Bg4 17. Qxa6+ Kb8 18. Qb6+ Kc8 19. Qxc6+ Kb8 20. a4 Rc8
21. Qb6+ Ka8 22. Ra3 Rb8 23. Qa6# {RobertAlexandr est échec et mat} 1-0

[Event "Tournament 14459 - Europe Echecs"]
[Site "Europe Echecs"]
[Date "2020.07.07"]
[Round "5"]
[Time "16:14:47"]
[PlyCount "47"]
[White "SemetroudenkoA"]
[Black "LimouzinSwann"]
[WhiteElo "799"]
[BlackElo "1117"]
[Mode "WEB"]
[Result "0-1"]

1. e4 e5 2. Nf3 Nc6 3. Bc4 Bc5 4. O-O Nf6 5. d3 d6 6. Be3 Bxe3 7. fxe3 Bg4 8.
Nc3 Qe7 9. a3 O-O-O 10. b4 h5 11. b5 Na5 12. a4 Nxc4 13. dxc4 h4 14. h3 Bh5 15.
Nd5 Nxd5 16. exd5 g5 17. e4 g4 18. hxg4 Bxg4 19. Qd2 h3 20. gxh3 Bxh3 21. Rfe1
Rdg8+ 22. Kf2 Rg2+ 23. Kf1 Rxd2+ {SemetroudenkoA a abandonné} 0-1

[Event "Tournament 14459 - Europe Echecs"]
[Site "Europe Echecs"]
[Date "2020.07.07"]
[Round "5"]
[Time "16:14:47"]
[PlyCount "81"]
[White "LegardeurAnton"]
[Black "ManvieuPaul"]
[WhiteElo "1115"]
[BlackElo "1018"]
[Mode "WEB"]
[Result "0-1"]

1. e4 e6 2. d4 d5 3. e5 c5 4. c3 Qb6 5. Nf3 Nc6 6. Be3 Qxb2 7. Nbd2 Qxc3 8. Be2
Qa5 9. O-O cxd4 10. Nxd4 Nxd4 11. Bxd4 Bc5 12. Bxc5 Qxc5 13. Rc1 Qb6 14. h3 Ne7
15. Nf3 O-O 16. Rb1 Qc7 17. Qd4 Nf5 18. Qd3 Ne7 19. Rfc1 Qb8 20. Bd1 Ng6 21. Bc2
f6 22. Re1 Bd7 23. Rxb7 Qxb7 24. h4 Qc7 25. h5 Nxe5 26. Qxh7+ Kf7 27. Bg6+ Nxg6
28. Qxg6+ Ke7 29. Nd4 Qc3 30. Nf3 Rf7 31. Qg3 Rc8 32. Rf1 Qc7 33. Qh3 e5 34. Qh4
e4 35. Nh2 Rh8 36. Kh1 g5 37. Qg3 Qxg3 38. fxg3 Rxh5 39. Kg1 Rfh7 40. Ng4 Bxg4 {LegardeurAnton a abandonné} 0-1